| 000 | 00919 a2200229 4500 | ||
|---|---|---|---|
| 001 | 47738 | ||
| 005 | 20260407155743.0 | ||
| 008 | 260407a2010 arg spa d | ||
| 003 | AR-UNSa-BCEJYS | ||
| 040 |
_aAR-UNSa-BCEJYS _bspa _cAR-UNSa-BCEJYS |
||
| 080 |
_a530 _xFísica |
||
| 245 | 1 | 0 | _aEl universo en una cáscara de nuez |
| 020 | _a978-84-9892-187-8 | ||
| 264 | 1 |
_aBarcelona : _bCrítica _c2010 |
|
| 300 |
_a246 p. _c19 cm. |
||
| 505 | _a1. Breve historia de la relatividad - 2. La forma del tiempo - 3. El universo en una cáscara de nuez - 4. Prediciendo el futuro - 5. Protegiendo el pasado - 6. ¿Será nuestro futuro como Star Trek o no? - 7. Los nuevos universos membrana - | ||
| 942 | _cBK | ||
| 590 | _aniveau_biblio:m niveau_hierar:0 | ||
| 100 | 1 | _aJou, David | |
| 700 | 1 | _aHawking, Stephen | |
| 856 | 4 | 1 |
_uhttps://www.biblioeco.unsa.edu.ar/pmb/images/libros/L127655.jpg _yImagen de portada _qimage/jpeg |
| 999 |
_c4451 _d4451 |
||